| 000 | 00784nam a22002297a 4500 | ||
|---|---|---|---|
| 005 | 20250113095226.0 | ||
| 010 | _aENG-140807 ENG-143324 | ||
| 020 |
_c850.00 _a9789391706715 |
||
| 020 |
_c600.00 _a9789381325827 |
||
| 035 | _aEN-124339 | ||
| 035 | _aEN-126856 | ||
| 037 | _bDBAD | ||
| 082 |
_a181.46 _21 |
||
| 100 |
_aBasu, Sankari Prasad _976393 |
||
| 245 |
_aSwami Vivekananda In Contemporary India News (1893-1902)/ _cEd. by, Sankari Prasad Basu |
||
| 250 | _a1 | ||
| 260 |
_aKolkata _bThe Ramakrishna Mission Institute Of Culture _c2023 |
||
| 270 |
_bKolkata _aThe Ramakrishna Mission Institute Of Culture Gol Park, Kolkata India _e700029 _mrmicsale@gmail.com |
||
| 300 |
_a 771p. _c25cm (hp) |
||
| 490 | _vIII, IV | ||
| 942 |
_2ddc _cEN _h181.46 _mBAS _e1 |
||
| 999 |
_c203994 _d203994 |
||